American hotline intermediate student book
保存先:
| 第一著者: | |
|---|---|
| その他の著者: | |
| フォーマット: | 図書 |
| 言語: | English |
| 出版事項: |
New York
Oxford University Press
1997
|
| 主題: | |
| タグ: |
タグ追加
タグなし, このレコードへの初めてのタグを付けませんか!
|
| Thư viện lưu trữ: | Trung tâm Học liệu Lê Vũ Hùng, Trường Đại học Đồng Tháp |
|---|
| LEADER | 00769pam a22002418a 4500 | ||
|---|---|---|---|
| 001 | 00025144 | ||
| 005 | 20171026081022.0 | ||
| 008 | 110731s1997 ||||||engsd | ||
| 020 | # | # | |a 0 19 434942 X |
| 041 | 0 | # | |a eng |
| 082 | 1 | 4 | |a 428 |b A100M |
| 100 | 1 | # | |a Hutchinson, Tom |
| 245 | 1 | 0 | |a American hotline intermediate student book |c Tom Hutchinson, American adaptation by Jacqueline Flamm |
| 260 | # | # | |a New York |b Oxford University Press |c 1997 |
| 300 | # | # | |a 121 p. |b ill. |c 30 cm. |
| 504 | # | # | |a Includes index |
| 650 | # | 4 | |a Bài tập |
| 650 | # | 4 | |a Tiếng anh |
| 700 | 1 | # | |a Flamm, Jacqueline |
| 852 | # | # | |b Kho đọc |j KD.0008823 |
| 852 | # | # | |j KD.0008823 |
| 910 | |d 31/07/2011 | ||
| 980 | # | # | |a Trung tâm Học liệu Lê Vũ Hùng, Trường Đại học Đồng Tháp |